Estatísticas para Candidatos à presidência do Brasil nas eleições de 2002

Clique aqui para jogar o quiz

Estatísticas Gerais

  • Esse quiz foi jogado 53 vezes
  • A pontuação média é 4 de 6

Estatísticas das Respostas

HintResposta% Correto
PTLuiz Inácio Lula da Silva
100%
PPSCiro Gomes
88%
PSDBJosé Serra
88%
PSBAnthony Garotinho
63%
PCORui Costa Pimenta
61%
PSTUJosé Maria de Almeida
49%

Distribuição das Pontuações

Percentil de Números Respondidos

Porcentagem de Pessoas com Cada Pontuação

Sua Pontuação Histórica

Você não jogou esse quiz